Statistics for Political Scandals

Click here to take the quiz!

General Stats

  • This quiz has been taken 78 times
  • The average score is 7 of 14

Answer Stats

ScandalScandalous Politician% Correct
Watergate!Richard Nixon
94%
He lied about weapons of mass destruction to start a warGeorge W.Bush
87%
He was caught on tape bragging about harrassing women and beauty pagent contestantsDonald Trump
86%
He was caught playing around with a White House intern and cigarsBill Clinton
84%
President entangled in Iran-Contra affairRonald Reagan
68%
Italian PM whose reign was pure scandal: insulting statements, sex parties, young models, prostitutes, insider trading and all around ganster tacticsSilvio Berlusconi
65%
Drove his car off a bridge, left the scene and his companion in the car and didn't even report the incidentTeddy Kennedy
60%
Leaked the intel on NSA's program that spies average americans via phone and internetEdward Snowden
49%
This congressman just couldn't stop sexting and sending his dickpicsAnthony Weiner
46%
Presidential candidate who had an extramarital affair and child, and tried to pay off the people who knewJohn Edwards
24%
Patronized an escort service and paid more than $80,000 for prostitutes as Attorney General, and later governorEliot Spitzer
17%
Senator caught "in a lewd act" in a St.Louis airport bathroomLarry Craig
17%
Tried to sell Obama's former congressional seat to the highest bidder, was caught on tape and convictedRod Blagojevic
14%
Israeli president accused of raping and sexually abusing up to ten womenMoshe Katsav
6%

Score Distribution

Percentile by Number Answered

Percent of People with Each Score

Your Score History

You have not taken this quiz